Planitudes: Historia de la fotografía plana.

Salvato in:
Dettagli Bibliografici
Autore principale: Chassey, Éric de (autor)
Altri autori: Fernández Lera, Antonio (traductor)
Natura: Libro
Pubblicazione: Salamanca, España: Ediciones Universidad de Salamanca, 2009.
Edizione:Primera edición.
Serie:Focus,
Soggetti:
Tags: Aggiungi Tag
Nessun Tag, puoi essere il primo ad aggiungerne!!

MARC

LEADER 00000nam a22000007a 4500
003 CL-VaPUC
005 20250321101914.0
008 250109t2009 ||||| |||| 00| 0 eng d
999 |c 446394  |d 446392 
020 |a 978-84-7800-215-3 
040 |c Pontificia Universidad Católica de Valparaíso 
082 |a 770.9 CHA 2009 
100 |9 895155  |a Chassey, Éric de  |e autor 
245 |a Planitudes:  |b Historia de la fotografía plana. 
250 |a Primera edición. 
260 |a Salamanca, España:  |b Ediciones Universidad de Salamanca,  |c 2009. 
300 |a 238 páginas. 
490 |a Focus,  |n  10. 
500 |a c.1-c.5 Instituto Arcos. 08-01-2025 
583 |c 20250109  |k Gabriela Rodríguez Cuevas 
650 0 |9 268495  |a Fotografía  |x Historia  |y Siglos 19 y 20 
650 0 |a Fotografía plana   |x Historia   |y Siglos 19 y 20  |9 895193 
700 |9 891759  |a Fernández Lera, Antonio   |e traductor  
942 |2 ddc  |c BK  |n 0 
952 |0 0  |1 0  |2 ddc  |4 0  |6 770_900000000000000_CHA_2009  |7 0  |9 599017  |a BIBINC  |b BIBINC  |c GEN  |d 2025-01-09  |e Instituto Arcos  |i 5663944  |o 770.9 CHA 2009  |p 5663944  |r 2025-01-09  |t 1  |w 2025-01-09  |y BK  |k IFP 
952 |0 0  |1 0  |2 ddc  |4 0  |6 770_900000000000000_CHA_2009  |7 0  |9 599018  |a BIBINC  |b BIBINC  |c GEN  |d 2025-01-09  |e Instituto Arcos  |i 5663947  |o 770.9 CHA 2009  |p 5663947  |r 2025-01-09  |t 2  |w 2025-01-09  |y BK  |k IFP 
952 |0 0  |1 0  |2 ddc  |4 0  |6 770_900000000000000_CHA_2009  |7 0  |9 599019  |a BIBINC  |b BIBINC  |c GEN  |d 2025-01-09  |e Instituto Arcos  |i 5663948  |o 770.9 CHA 2009  |p 5663948  |r 2025-01-09  |t 3  |w 2025-01-09  |y BK  |k IFP 
952 |0 0  |1 0  |2 ddc  |4 0  |6 770_900000000000000_CHA_2009  |7 0  |9 599020  |a BIBINC  |b BIBINC  |c GEN  |d 2025-01-09  |e Instituto Arcos  |i 5663949  |o 770.9 CHA 2009  |p 5663949  |r 2025-01-09  |t 4  |w 2025-01-09  |y BK  |k IFP 
952 |0 0  |1 0  |2 ddc  |4 0  |6 770_900000000000000_CHA_2009  |7 0  |9 599021  |a BIBINC  |b BIBINC  |c GEN  |d 2025-01-09  |e Instituto Arcos  |i 5663950  |o 770.9 CHA 2009  |p 5663950  |r 2025-01-09  |t 5  |w 2025-01-09  |y BK  |k IFP